[Event "Barcelona Sant Marti op-B 25th"]
[Site "Barcelona"]
[Date "2025.07.17"]
[Round "5"]
[White "Perez Rubio, Pedro Holmedo"]
[Black "Vinolas Garcia, Koa"]
[Result "1-0"]
[WhiteElo "1557"]
[BlackElo "1543"]
[PlyCount "29"]
[EventDate "2025.07.13"]
[EventType "swiss"]
[EventRounds "9"]
[EventCountry "ESP"]
[SourceTitle "CB30_2025"]
[SourceDate "2025.07.23"]
[SourceVersion "1"]
[SourceVersionDate "2025.07.23"]
[SourceQuality "1"]

1. e4 e5 2. d4 exd4 3. f4 Nc6 4. Nf3 Bc5 5. Bd3 Nf6 6. 0-0 0-0 7. e5 Nd5 8. Bxh7+ Kxh7 9. Ng5+ Kg8 10. Qh5 Re8 11. Qxf7+ Kh8 12. Qh5+ Kg8 13. Qh7+ Kf8 14. Qh8+ Ke7 15. Qxg7# 1-0

[Event "Barcelona Sant Marti op-B 25th"]
[Site "Barcelona"]
[Date "2025.07.16"]
[Round "4"]
[White "Porras Ruiz, Francisco Juan"]
[Black "Perez Rubio, Pedro Holmedo"]
[Result "1-0"]
[WhiteElo "1428"]
[BlackElo "1557"]
[PlyCount "55"]
[EventDate "2025.07.13"]
[EventType "swiss"]
[EventRounds "9"]
[EventCountry "ESP"]
[SourceTitle "CB30_2025"]
[SourceDate "2025.07.23"]
[SourceVersion "1"]
[SourceVersionDate "2025.07.23"]
[SourceQuality "1"]

1. e4 e5 2. Nf3 Nc6 3. Bb5 Nf6 4. Bxc6 dxc6 5. d3 Bc5 6. Bg5 h6 7. Bh4 Bg4 8. Nbd2 Bb4 9. c3 Bc5 10. Qe2 Qd6 11. Bxf6 Qxf6 12. 0-0-0 0-0 13. h3 Be6 14. Nc4 b5 15. Ncxe5 Bxa2 16. Nd7 Qe7 17. Nxf8 Kxf8 18. b4 Bb3 19. bxc5 Qxc5 20. Qb2 Ba4 21. d4 Qc4 22. Qb4+ Qxb4 23. cxb4 Bxd1 24. Rxd1 a5 25. Ne5 a4 26. Kb2 Ra6 27. d5 c5 28. Nd7+ 1-0